000 00817nam a2200205Ia 4500
999 _c64789
_d64789
003 GCL
005 20240530110751.0
008 140319s9999 xx 000 0 ara d
020 _a7102258977
040 _aGCL /
_cGCL
082 0 4 _a630.953 \
_bأ ح
100 1 _aاحمد عبدالوهاب عبدالجواد
245 1 0 _aحتمية التحول من الزراعات الصناعية الى الزراعات العضوية فى الوطن العربى /
_cاحمد عبدالوهاب عبدالجواد
260 _aالقاهرة :
_bالدار العربية للتوزيع والنشر ،
_c1997
300 _a392 ص ؛
_c24 سم
650 0 4 _aالتنمية الزراعية
650 0 4 _aاصلاح الاراضى - مصر
650 0 4 _aالسياسة الزراعية - مصر
942 _2ddc
_cBK